[Event "Cto de Aragon por Equipos Preferente"]
[Site "?"]
[Date "2021.03.20"]
[Round "2.34"]
[White "Serrat Claver, David"]
[Black "Sanchez Burillo, Guillermo"]
[Result "1-0"]
[WhiteElo "1898"]
[BlackElo "1680"]
[PlyCount "57"]
[EventDate "2021.03.13"]
[WhiteTeam "Agrupacion B"]
[BlackTeam "Marie Curie"]

1. e4 e5 2. Nf3 Nc6 3. d4 exd4 4. Nxd4 Bc5 5. Nb3 Bb6 6. Qe2 d6 7. Nc3 Be6 8.
Be3 Nge7 9. O-O-O Ne5 10. Nd4 Bc4 11. Qh5 Qd7 12. f4 Qg4 13. Qxg4 Nxg4 14. Bg1
Bxf1 15. Rxf1 h5 16. h3 Nf6 17. Ndb5 Bxg1 18. Rhxg1 Kd7 19. e5 Nfd5 20. exd6
Nxc3 21. Nxc3 cxd6 22. Rd1 h4 23. Ne4 Rh6 24. Rge1 Kc6 25. Nxd6 Nd5 26. Nxf7
Rf6 27. Ne5+ Kd6 28. c4 Rc8 29. Rxd5+ 1-0

[Event "Cto de Aragon por Equipos Preferente"]
[Site "?"]
[Date "2021.03.20"]
[Round "2.35"]
[White "Sanchez Perez, Carlos"]
[Black "Chamarro Catarecha, Miguel Angel"]
[Result "0-1"]
[WhiteElo "1497"]
[BlackElo "1761"]
[PlyCount "62"]
[EventDate "2021.03.13"]
[WhiteTeam "Marie Curie"]
[BlackTeam "Agrupacion B"]

1. e4 e6 2. d4 d5 3. Bd3 dxe4 4. Bxe4 Nf6 5. Bf3 Be7 6. Ne2 c5 7. O-O O-O 8.
Be3 Nbd7 9. c4 cxd4 10. Bxd4 e5 11. Bc3 e4 12. Ng3 exf3 13. Qxf3 Nc5 14. Re1
Re8 15. h3 Be6 16. Nd2 Na4 17. Rad1 Nxc3 18. Qxc3 Qc7 19. b3 a5 20. Re2 Rad8
21. Rde1 Bb4 22. Qc2 Qf4 23. Ngf1 g6 24. Re3 Kg7 25. R1e2 Bc5 26. g3 Qd6 27.
Rf3 Bxh3 28. Rxe8 Rxe8 29. Rd3 Qc6 30. Nf3 Bf5 31. N1h2 Qe4 0-1

[Event "Cto de Aragon por Equipos Preferente"]
[Site "?"]
[Date "2021.03.20"]
[Round "2.37"]
[White "Garcia Monterde, Francisco Jose"]
[Black "Veras Sanz, Marino"]
[Result "0-1"]
[WhiteElo "1850"]
[BlackElo "2073"]
[PlyCount "84"]
[EventDate "2021.03.13"]
[WhiteTeam "IberCaja B"]
[BlackTeam "El Olivar B"]

1. c4 c5 2. Nc3 Nc6 3. g3 g6 4. Bg2 Bg7 5. Nf3 Nf6 6. d4 cxd4 7. Nxd4 O-O 8.
O-O Qa5 9. e3 Qc5 10. b3 d5 11. Na4 Qa5 12. Bd2 Qd8 13. Nxc6 bxc6 14. cxd5 cxd5
15. Rc1 Ne4 16. Nc5 Nxc5 17. Rxc5 Be6 18. Ba5 Qd6 19. Qc1 Rac8 20. Bc7 Qd7 21.
Rd1 d4 22. Bb7 Bh3 23. b4 d3 24. Qc4 Qa4 25. Rxd3 Be6 26. Bd5 Bxd5 27. Rdxd5 e6
28. Rd3 Qe8 29. b5 Qe7 30. a4 Qf6 31. Qc1 Rfe8 32. a5 Rxc7 33. Rxc7 Qf5 34. Rb3
h5 35. Qd1 h4 36. b6 axb6 37. axb6 Be5 38. Rd7 hxg3 39. hxg3 Kg7 40. Kg2 Rh8
41. f4 Qe4+ 42. Kf2 Rh2+ 0-1

[Event "Cto de Aragon por Equipos Preferente"]
[Site "?"]
[Date "2021.03.20"]
[Round "2.38"]
[White "Gracia Campo, Carlos Alberto"]
[Black "Garcia Acin, Pablo"]
[Result "0-1"]
[WhiteElo "2065"]
[BlackElo "1623"]
[PlyCount "70"]
[EventDate "2021.03.13"]
[WhiteTeam "El Olivar B"]
[BlackTeam "IberCaja B"]

1. e4 c5 2. Nf3 d6 3. d4 Nf6 4. Nc3 cxd4 5. Qxd4 Nc6 6. Bb5 Bd7 7. Bxc6 Bxc6 8.
Bg5 e6 9. O-O-O Be7 10. Qd3 h6 11. Bh4 Qd7 12. Nd4 d5 13. e5 Nh7 14. Bxe7 Qxe7
15. f4 a6 16. h4 Nf8 17. f5 Qc7 18. fxe6 Nxe6 19. Nxe6 fxe6 20. Qg6+ Qf7 21.
Qxf7+ Kxf7 22. Ne2 g5 23. Rdf1+ Ke7 24. Rf6 Rag8 25. Rhf1 Bb5 26. Rf7+ Ke8 27.
Kd2 gxh4 28. Rxb7 Bxe2 29. Kxe2 Rxg2+ 30. Kd3 Rhg8 31. Rff7 R8g3+ 32. Kd4 Rxc2
33. b3 Rcc3 34. Rfe7+ Kd8 35. Red7+ Kc8 0-1

[Event "Cto de Aragon por Equipos Preferente"]
[Site "?"]
[Date "2021.03.20"]
[Round "2.39"]
[White "Barranco Castillo, Jose Antonio"]
[Black "Bailo Remacha, Santiago"]
[Result "0-1"]
[WhiteElo "1588"]
[BlackElo "1948"]
[PlyCount "70"]
[EventDate "2021.03.13"]
[WhiteTeam "IberCaja B"]
[BlackTeam "El Olivar B"]

1. e4 c5 2. Nf3 d6 3. d3 Nc6 4. g3 g6 5. Bg2 Bg7 6. O-O Nf6 7. Re1 Bg4 8. h3
Bxf3 9. Qxf3 O-O 10. c3 Rb8 11. Be3 Ne8 12. Rd1 b5 13. d4 b4 14. Qe2 bxc3 15.
bxc3 cxd4 16. cxd4 Qa5 17. f4 e5 18. fxe5 dxe5 19. d5 Nd4 20. Qd2 Qxd2 21. Rxd2
Nd6 22. Na3 Rfc8 23. Re1 Rc3 24. Rxd4 exd4 25. Bf4 Rd8 26. Bxd6 a6 27. Bb4 Rxg3
28. Nc4 Rc8 29. d6 Rxc4 30. d7 Bf6 31. e5 Bd8 32. e6 fxe6 33. Rxe6 Rxb4 34.
Re8+ Kf7 35. Kf2 Rxg2+ 0-1

[Event "Cto de Aragon por Equipos Preferente"]
[Site "?"]
[Date "2021.03.20"]
[Round "2.40"]
[White "Munoz Valles, Jorge"]
[Black "Torcal Miguel, Paula"]
[Result "1-0"]
[WhiteElo "1668"]
[BlackElo "1587"]
[PlyCount "49"]
[EventDate "2021.03.13"]
[WhiteTeam "El Olivar B"]
[BlackTeam "IberCaja B"]

1. d4 Nf6 2. c4 g6 3. Nc3 d5 4. cxd5 Nxd5 5. e4 Nxc3 6. bxc3 Bg7 7. Nf3 O-O 8.
Rb1 c5 9. Be2 Nc6 10. Be3 cxd4 11. cxd4 Qa5+ 12. Bd2 Qc7 13. Qc1 Qd8 14. d5 Ne5
15. O-O b6 16. Bh6 Nxf3+ 17. Bxf3 Ba6 18. Bxg7 Kxg7 19. Rd1 Rc8 20. Qa3 Bc4 21.
Qxa7 b5 22. a4 bxa4 23. Qxa4 Qd6 24. Rbc1 Ba6 25. Rc6 1-0

[Event "Cto de Aragon por Equipos Preferente"]
[Site "?"]
[Date "2021.03.20"]
[Round "2.41"]
[White "Molina Pastor, Francisco"]
[Black "Quintero Rodriguez, John"]
[Result "0-1"]
[WhiteElo "2024"]
[BlackElo "1760"]
[PlyCount "50"]
[EventDate "2021.03.13"]
[WhiteTeam "Delicias B"]
[BlackTeam "Palacio De Pioneros C"]

1. Nf3 d5 2. d4 Nf6 3. e3 Bf5 4. Be2 e6 5. b3 Bd6 6. Bb2 O-O 7. Nbd2 Nbd7 8.
O-O c6 9. c4 h6 10. Ne5 Rc8 11. f4 Ne4 12. g4 Nxd2 13. Qxd2 Be4 14. Qe1 Be7 15.
Qg3 Bh4 16. Qh3 Nxe5 17. dxe5 g5 18. f5 Qa5 19. Rf2 dxc4 20. bxc4 Qb4 21. Bf3
Bxf2+ 22. Kxf2 Qxb2+ 23. Be2 Qxa1 24. Qxh6 Bxf5 25. gxf5 Qxe5 0-1

[Event "Cto de Aragon por Equipos Preferente"]
[Site "?"]
[Date "2021.03.20"]
[Round "2.42"]
[White "Caballero Ortin, Jorge"]
[Black "Dominguez Luzon, Fernando"]
[Result "1/2-1/2"]
[WhiteElo "1677"]
[BlackElo "1940"]
[PlyCount "48"]
[EventDate "2021.03.13"]
[WhiteTeam "Palacio De Pioneros C"]
[BlackTeam "Delicias B"]

1. e4 c5 2. Nf3 d6 3. Bb5+ Nd7 4. O-O a6 5. Bd3 Ngf6 6. c3 g6 7. Bc2 Bg7 8. Re1
O-O 9. d4 cxd4 10. cxd4 e5 11. Nc3 b5 12. Bg5 h6 13. Bh4 Bb7 14. dxe5 dxe5 15.
Bb3 g5 16. Bg3 Re8 17. Bd5 Nxd5 18. Nxd5 Nb6 19. Nxb6 Qxb6 20. Qe2 Rad8 21.
Rad1 Rxd1 22. Rxd1 Qg6 23. Nd2 Rd8 24. f3 Qd6 1/2-1/2

[Event "Cto de Aragon por Equipos Preferente"]
[Site "?"]
[Date "2021.03.20"]
[Round "2.43"]
[White "Dominguez Velazquez, Jesus"]
[Black "Campana Valencia, Lidia"]
[Result "1/2-1/2"]
[WhiteElo "1489"]
[BlackElo "1524"]
[PlyCount "65"]
[EventDate "2021.03.13"]
[WhiteTeam "Delicias B"]
[BlackTeam "Palacio De Pioneros C"]

1. e4 e5 2. f4 exf4 3. Nf3 d6 4. Bc4 Be6 5. Bxe6 fxe6 6. O-O e5 7. Nxe5 Nf6 8.
Nf3 Nc6 9. d4 Qd7 10. Bxf4 O-O-O 11. Nc3 Re8 12. Re1 h6 13. e5 Nh7 14. e6 Rxe6
15. Rxe6 Qxe6 16. d5 Qf6 17. dxc6 Qxf4 18. cxb7+ Kb8 19. Qe2 Nf6 20. Re1 Qb4
21. Ne4 Nxe4 22. Qxe4 Qxe4 23. Rxe4 Kxb7 24. Nd4 d5 25. Re8 g5 26. Ne6 Kc6 27.
Nxf8 Kb7 28. Rd8 Kc6 29. Ne6 Rh7 30. Kf2 Rf7+ 31. Ke2 Re7 32. Rf8 Rxe6+ 33. Kd2
1/2-1/2

[Event "Cto de Aragon por Equipos Preferente"]
[Site "?"]
[Date "2021.03.20"]
[Round "2.45"]
[White "Chueca Lorente, Javier"]
[Black "Olivan Lopez, Dario"]
[Result "1-0"]
[WhiteElo "2098"]
[BlackElo "1910"]
[PlyCount "81"]
[EventDate "2021.03.13"]
[WhiteTeam "MyInvestor Casablanca B"]
[BlackTeam "Utebo San Lamberto"]

1. c4 Nf6 2. g3 c6 3. Bg2 d5 4. Nf3 Bf5 5. O-O dxc4 6. Nc3 e6 7. Nh4 Bg4 8. Qa4
Nbd7 9. Qxc4 Be7 10. d3 h6 11. a4 g5 12. Nf3 Bxf3 13. Bxf3 Ne5 14. Qb3 Nxf3+
15. exf3 Qc7 16. Be3 g4 17. f4 h5 18. Ne4 Rd8 19. Bxa7 Rd5 20. Qc3 Rh6 21. Bd4
Qd8 22. Bxf6 Bxf6 23. Nxf6+ Rxf6 24. Rad1 h4 25. Rfe1 hxg3 26. fxg3 Rh5 27. Re5
Rh3 28. Rde1 Rfh6 29. R1e2 Qb6+ 30. d4 Qa6 31. a5 b5 32. axb6 Qa1+ 33. Re1 Qa8
34. R5e2 Kd7 35. b4 Qh8 36. Rc1 e5 37. dxe5 Rxh2 38. e6+ fxe6 39. Qxc6+ Ke7 40.
Qc7+ Kf6 41. Qe5+ 1-0

[Event "Cto de Aragon por Equipos Preferente"]
[Site "?"]
[Date "2021.03.20"]
[Round "2.46"]
[White "Lopez Guaita, Fernando"]
[Black "Antonano Fernandez - Quincoce, Avelino"]
[Result "1-0"]
[WhiteElo "1830"]
[BlackElo "2044"]
[PlyCount "101"]
[EventDate "2021.03.13"]
[WhiteTeam "Utebo San Lamberto"]
[BlackTeam "MyInvestor Casablanca B"]

1. e4 c5 2. Nf3 g6 3. g3 Bg7 4. d3 Nc6 5. Bg2 d6 6. O-O Nf6 7. Re1 O-O 8. c3
Bg4 9. h3 Bxf3 10. Bxf3 Rb8 11. Nd2 b5 12. Nf1 Nd7 13. Bg2 b4 14. c4 Nd4 15.
Ne3 Ne5 16. f4 Nec6 17. Bd2 e6 18. f5 Ne5 19. Bc1 Kh8 20. Rf1 Qe7 21. g4 Bf6
22. Nc2 Nxc2 23. Qxc2 Nc6 24. Qd2 g5 25. h4 Rg8 26. h5 h6 27. Rb1 b3 28. a3 Nd4
29. Qf2 exf5 30. gxf5 Nc2 31. Kh1 Bd4 32. f6 Qe5 33. Qf3 g4 34. Qf4 Qxh5+ 35.
Qh2 Qxh2+ 36. Kxh2 Rg6 37. Kg3 Bxf6 38. Rh1 Kg7 39. Bf4 Rd8 40. Rh5 Nd4 41. Re1
Ne6 42. Bc1 Be5+ 43. Kh4 Bf4 44. Rf5 Bxc1 45. Rxc1 Nd4 46. Rf2 Re8 47. Rcf1 f6
48. Rf4 h5 49. R1f2 Re5 50. Rf1 Reg5 51. Rxf6 {Negras pierden por tiempo} 1-0

[Event "Cto de Aragon por Equipos Preferente"]
[Site "?"]
[Date "2021.03.20"]
[Round "2.47"]
[White "Cebollada Pacheco, Jesus Raul"]
[Black "Orti Stock, Carlos"]
[Result "1/2-1/2"]
[WhiteElo "1970"]
[BlackElo "1826"]
[PlyCount "96"]
[EventDate "2021.03.13"]
[WhiteTeam "MyInvestor Casablanca B"]
[BlackTeam "Utebo San Lamberto"]

1. e4 e5 2. Nf3 Nc6 3. Bb5 a6 4. Ba4 Nf6 5. O-O b5 6. Bb3 Be7 7. Re1 O-O 8. h3
d6 9. c3 Nb8 10. d4 Nbd7 11. Nbd2 Bb7 12. a4 c5 13. d5 Qc7 14. Nf1 Rfc8 15. Ng3
g6 16. Bh6 c4 17. Bc2 b4 18. Nh2 Bf8 19. Qd2 Bg7 20. Qg5 Bxh6 21. Qxh6 Qd8 22.
cxb4 Qf8 23. Qg5 h6 24. Qe3 a5 25. b5 Kg7 26. Ng4 Nxg4 27. hxg4 Qe7 28. Ra3 Qh4
29. Bd1 Rc5 30. Rc3 Nb6 31. Nf1 Bc8 32. Qg3 Qg5 33. Qe3 Qh4 34. g3 Qg5 35. f4
exf4 36. gxf4 Qh4 37. Qg3 Qxg3+ 38. Rxg3 Bd7 39. Nd2 Rac8 40. Nb1 Re8 41. Rge3
f5 42. gxf5 gxf5 43. Nc3 fxe4 44. Nxe4 Rxd5 45. Bc2 Bf5 46. Nxd6 Rxe3 47. Nxf5+
Rxf5 48. Rxe3 Rxf4 1/2-1/2

[Event "Cto de Aragon por Equipos Preferente"]
[Site "?"]
[Date "2021.03.20"]
[Round "2.48"]
[White "Olivan Blasco, Leonardo"]
[Black "Ayensa Garcia, Miguel Angel"]
[Result "0-1"]
[WhiteElo "1370"]
[BlackElo "1959"]
[PlyCount "55"]
[EventDate "2021.03.13"]
[WhiteTeam "Utebo San Lamberto"]
[BlackTeam "MyInvestor Casablanca B"]

1. e4 e5 2. Nf3 Nc6 3. Bb5 d6 4. Bxc6+ bxc6 5. O-O Nf6 6. d3 Be7 7. Bg5 O-O 8.
Nbd2 h6 9. Bh4 Bg4 10. h3 Bh5 11. Qe1 Qd7 12. Nh2 Rfe8 13. c3 d5 14. Ndf3 Qe6
15. Rc1 Nd7 16. Bg3 dxe4 17. dxe4 Bc5 18. b3 Rad8 19. Qe2 Bb6 20. Rfd1 Nf8 21.
Nf1 Qg6 22. Bh4 Rxd1 23. Rxd1 Ne6 24. Bg3 Ng5 25. N1d2 Nxf3+ 26. Nxf3 Qxg3 27.
Rd3 Qf4 28. g3 0-1

[Event "ARA Cto de Aragon por Equipos Division "]
[Site "Aragon"]
[Date "2021.03.27"]
[Round "3.1"]
[White "Hinojar Basa, Alfonso"]
[Black "Adla, Diego"]
[Result "1-0"]
[WhiteElo "2163"]
[BlackElo "2425"]
[PlyCount "57"]
[EventDate "2021.03.13"]
[WhiteTeam "Marcos Frechin"]
[BlackTeam "MyInvestor Casablanca"]

1. e4 e5 2. Nf3 Nc6 3. Bc4 Nf6 4. d3 Bc5 5. O-O O-O 6. h3 d6 7. c3 a5 8. Bg5 h6
9. Bh4 g5 10. d4 gxh4 11. dxc5 Nxe4 12. cxd6 cxd6 13. Nbd2 Bf5 14. Nxe4 Bxe4
15. Bd5 Bxd5 16. Qxd5 Ne7 17. Qe4 Ng6 18. Rad1 Qe7 19. Rfe1 Rad8 20. Qf5 Rfe8
21. Qh5 d5 22. Qxh6 Qf6 23. Re3 e4 24. Nd4 Re5 25. f3 Rg5 26. Re2 Qf4 27. Kh1
Rd6 28. Nb5 Rf6 29. Rxe4 1-0

[Event "ARA Cto de Aragon por Equipos Division "]
[Site "Aragon"]
[Date "2021.03.27"]
[Round "3.2"]
[White "Glavina, Pablo"]
[Black "Ciriano Lamban, Alejandro"]
[Result "1-0"]
[WhiteElo "2410"]
[BlackElo "2030"]
[PlyCount "125"]
[EventDate "2021.03.13"]
[WhiteTeam "MyInvestor Casablanca"]
[BlackTeam "Marcos Frechin"]

1. e4 c5 2. Nf3 Nc6 3. c3 Nf6 4. e5 Nd5 5. Bc4 Nb6 6. Bb3 d5 7. exd6 e6 8. O-O
Bxd6 9. d4 O-O 10. Qe2 cxd4 11. cxd4 h6 12. Nc3 Nd5 13. Rd1 Nxc3 14. bxc3 Qf6
15. c4 e5 16. c5 e4 17. cxd6 exf3 18. Qxf3 Qxf3 19. gxf3 Bh3 20. Bf4 Rfe8 21.
Rac1 g5 22. Bg3 Rac8 23. Bd5 Nxd4 24. Rxc8 Ne2+ 25. Kh1 Nxg3+ 26. hxg3 Bxc8 27.
Rc1 Rd8 28. Rc7 Bd7 29. Rxb7 a5 30. Ra7 a4 31. a3 Kg7 32. Kg2 Kf6 33. Ra6 Be6
34. Bxe6 Kxe6 35. d7+ Kxd7 36. Rxa4 Ke7 37. Re4+ Kf6 38. f4 Rd3 39. fxg5+ hxg5
40. Re3 Rd2 41. Kf3 Ra2 42. Ke4 g4 43. f3 gxf3 44. Rxf3+ Ke6 45. Kd4 f5 46. Kc4
Ke5 47. Kb4 Ke4 48. Rc3 Rb2+ 49. Kc5 Ra2 50. Kb4 Rb2+ 51. Kc5 Ra2 52. Rb3 Ra1
53. Kb5 Rh1 54. a4 Rh5 55. Kb4 Kd5 56. Rc3 Rh1 57. a5 Rb1+ 58. Rb3 Ra1 59. Kb5
Re1 60. a6 Re7 61. Ra3 Ra7 62. Kb6 Ra8 63. a7 1-0

[Event "ARA Cto de Aragon por Equipos Division "]
[Site "Aragon"]
[Date "2021.03.27"]
[Round "3.3"]
[White "Moya Gimeno, Raul"]
[Black "Quintin Navarro, Alberto"]
[Result "0-1"]
[WhiteElo "1870"]
[BlackElo "2394"]
[PlyCount "78"]
[EventDate "2021.03.13"]
[WhiteTeam "Marcos Frechin"]
[BlackTeam "MyInvestor Casablanca"]

1. e4 e5 2. Nf3 Nc6 3. Bc4 Nf6 4. d3 Bc5 5. c3 d6 6. Nbd2 a5 7. Nf1 O-O 8. Ne3
Be6 9. Bb5 Ne7 10. Ba4 Ng6 11. O-O h6 12. Bc2 Ba7 13. d4 c6 14. Nf5 Re8 15. Be3
exd4 16. N3xd4 Bxf5 17. exf5 Ne5 18. b3 d5 19. Rc1 Bb8 20. h3 a4 21. Re1 Bd6
22. Nf3 Qe7 23. Nxe5 Qxe5 24. g3 axb3 25. Bxb3 Qxf5 26. Kg2 h5 27. Bc2 Qe6 28.
Bb1 Ne4 29. Qc2 Ra3 30. Bd2 Qg6 31. Qd3 f5 32. Be3 Bxg3 33. fxg3 Qxg3+ 34. Kf1
Qxh3+ 35. Ke2 Qg4+ 36. Kf1 Qf3+ 37. Kg1 Re6 38. Kh2 Qg3+ 39. Kh1 Qh3+ 0-1

[Event "ARA Cto de Aragon por Equipos Division "]
[Site "Aragon"]
[Date "2021.03.27"]
[Round "3.4"]
[White "Vela Frago, Alberto"]
[Black "Alas Sebastian, Yasmina"]
[Result "1-0"]
[WhiteElo "2065"]
[BlackElo "1724"]
[PlyCount "67"]
[EventDate "2021.03.13"]
[WhiteTeam "MyInvestor Casablanca"]
[BlackTeam "Marcos Frechin"]

1. c4 Nf6 2. Nc3 g6 3. e4 d6 4. d4 Bg7 5. Be2 O-O 6. Nf3 e5 7. d5 a5 8. Bg5 Na6
9. Nd2 Qe8 10. a3 Nc5 11. b4 axb4 12. axb4 Rxa1 13. Qxa1 Na6 14. Qb2 Nd7 15.
Be3 f5 16. f3 Qe7 17. O-O f4 18. Bf2 g5 19. Qa3 h5 20. c5 Nab8 21. Qa7 dxc5 22.
bxc5 Na6 23. Bxa6 bxa6 24. Qxc7 Qe8 25. d6 Rf7 26. Nd5 Kh8 27. Ne7 Rf8 28. c6
Nf6 29. Nc4 Be6 30. Nxe5 Kh7 31. N7g6 Rg8 32. d7 Qa8 33. Rd1 Rd8 34. Bb6 1-0

[Event "ARA Cto de Aragon por Equipos Division "]
[Site "Aragon"]
[Date "2021.03.27"]
[Round "3.5"]
[White "Forcen Esteban, Daniel"]
[Black "Sierra Aguerri, Joaquin"]
[Result "1-0"]
[WhiteElo "2558"]
[BlackElo "2101"]
[PlyCount "97"]
[EventDate "2021.03.13"]
[WhiteTeam "Jaime Casas"]
[BlackTeam "Tauste"]

1. d4 c5 2. d5 e5 3. e4 d6 4. Nc3 Be7 5. Nge2 Bg5 6. Bxg5 Qxg5 7. h4 Qe7 8. Qd2
a6 9. f3 b5 10. a4 b4 11. Nd1 h5 12. Ne3 a5 13. Nc1 Nh6 14. Bb5+ Kf8 15. Nc4
Ra7 16. Qg5 f6 17. Qxh5 Nf7 18. Qg6 Rh6 19. Qg3 f5 20. exf5 Bxf5 21. Ne3 Bc8
22. Nb3 Qf6 23. Ng4 Bxg4 24. Qxg4 Qd8 25. O-O-O Nd7 26. Bxd7 Qxd7 27. Qxd7 Rxd7
28. Kd2 Rg6 29. Rdg1 Rg3 30. Ke2 Nh6 31. Nxa5 Nf5 32. Nc4 Rg6 33. Rh3 Rf7 34.
h5 Rg3 35. Rxg3 Nxg3+ 36. Kf2 Nxh5 37. Nxd6 Rd7 38. Ne4 Rxd5 39. a5 Nf6 40.
Nxf6 gxf6 41. a6 Rd7 42. Ra1 Ra7 43. Ke3 Ke7 44. Ke4 Ke6 45. g4 c4 46. Ra4 b3
47. c3 Ra8 48. a7 Ke7 49. Kd5 1-0

[Event "ARA Cto de Aragon por Equipos Division "]
[Site "Aragon"]
[Date "2021.03.27"]
[Round "3.6"]
[White "Fernandez Rubio, Rafael"]
[Black "Llorente Zaro, Alfonso"]
[Result "0-1"]
[WhiteElo "2066"]
[BlackElo "2441"]
[PlyCount "88"]
[EventDate "2021.03.13"]
[WhiteTeam "Tauste"]
[BlackTeam "Jaime Casas"]

1. Nf3 Nf6 2. b3 g6 3. Bb2 Bg7 4. c4 O-O 5. e3 c5 6. d4 cxd4 7. exd4 d5 8. Be2
Nc6 9. O-O Bf5 10. Nc3 dxc4 11. bxc4 Ne4 12. Nd5 Qd7 13. Ne5 Nxe5 14. dxe5 Rfd8
15. f3 Nc5 16. Ba3 b6 17. g4 e6 18. Nf6+ Bxf6 19. Qxd7 Rxd7 20. exf6 Bc2 21.
Bb4 Rc8 22. Rac1 Bd3 23. Kf2 Bxe2 24. Kxe2 Nd3 25. Rcd1 Rcd8 26. Rb1 Nf4+ 27.
Ke3 Rd4 28. Rfc1 g5 29. a3 h6 30. c5 Nd3 31. Rc3 bxc5 32. Bxc5 Nxc5 33. Rxc5
Rd3+ 34. Ke4 Rxa3 35. Rb7 Ra2 36. Ke3 Rxh2 37. Rcc7 Rf8 38. Rxa7 Rb2 39. Rc4
Kh7 40. f4 Kg6 41. Ra6 Rfb8 42. f5+ exf5 43. gxf5+ Kxf5 44. Rc7 Kg6 0-1

[Event "ARA Cto de Aragon por Equipos Division "]
[Site "Aragon"]
[Date "2021.03.27"]
[Round "3.8"]
[White "Solanas Esteban, Hector"]
[Black "Eizaguerri Floris, Maria"]
[Result "0-1"]
[WhiteElo "1668"]
[BlackElo "2247"]
[PlyCount "78"]
[EventDate "2021.03.13"]
[WhiteTeam "Tauste"]
[BlackTeam "Jaime Casas"]

1. e4 c5 2. Nf3 e6 3. d4 cxd4 4. Nxd4 Nc6 5. Nc3 a6 6. Nxc6 bxc6 7. Bd3 d5 8.
O-O Nf6 9. Qe2 Be7 10. b3 O-O 11. Bb2 c5 12. Rfe1 d4 13. Nb1 e5 14. h3 g6 15.
Nd2 Nh5 16. Nc4 Bd6 17. Bc1 Bc7 18. Bd2 Be6 19. Rad1 Qh4 20. Qf3 Rad8 21. g4
Nf4 22. Bxf4 exf4 23. e5 Qg5 24. Qg2 h5 25. gxh5 Qxh5 26. Be2 Qxh3 27. Qxh3
Bxh3 28. Bf1 Bg4 29. Rd3 Rfe8 30. Be2 Bf5 31. Rd2 Bxe5 32. Bd3 Bxd3 33. cxd3
Bc7 34. Rc1 f3 35. Rdc2 Bf4 36. Rb1 Rd5 37. Kf1 Rh5 38. Kg1 Rg5+ 39. Kf1 Bh2
0-1

[Event "ARA Cto de Aragon por Equipos Division "]
[Site "Aragon"]
[Date "2021.03.27"]
[Round "3.9"]
[White "Cifuentes Parada, Roberto"]
[Black "Salamero Pelay, Fernando"]
[Result "1-0"]
[WhiteElo "2429"]
[BlackElo "2059"]
[PlyCount "67"]
[EventDate "2021.03.13"]
[WhiteTeam "Jaque Pirenauto"]
[BlackTeam "Atletismo Huesca"]

1. d4 g6 2. e4 Bg7 3. c3 d6 4. Bg5 b6 5. Nd2 h6 6. Bh4 Bb7 7. Ngf3 g5 8. Bg3 e6
9. Bb5+ Nd7 10. Qe2 a6 11. Bd3 Ne7 12. Nc4 Ng6 13. h4 g4 14. Nfd2 h5 15. f4 Bh6
16. Qf2 O-O 17. f5 d5 18. fxg6 fxg6 19. Qe2 dxc4 20. Bxc4 Qe7 21. O-O-O b5 22.
Bb3 c5 23. Kb1 c4 24. Bc2 e5 25. Rhe1 a5 26. a4 exd4 27. cxd4 Qb4 28. Nf1 Ba6
29. e5 bxa4 30. Qe4 a3 31. Qxg6+ Bg7 32. Qh7+ Kf7 33. e6+ Ke8 34. Qg6+ 1-0

[Event "ARA Cto de Aragon por Equipos Division "]
[Site "Aragon"]
[Date "2021.03.27"]
[Round "3.10"]
[White "Gella Bitrian, Diego"]
[Black "Escartin Lacasa, Jose"]
[Result "1/2-1/2"]
[WhiteElo "2052"]
[BlackElo "2111"]
[PlyCount "102"]
[EventDate "2021.03.13"]
[WhiteTeam "Atletismo Huesca"]
[BlackTeam "Jaque Pirenauto"]

1. e4 c5 2. Nf3 e6 3. d4 cxd4 4. Nxd4 Nf6 5. Nc3 Nc6 6. Ndb5 d6 7. Bf4 e5 8.
Bg5 a6 9. Na3 Be6 10. Nc4 Rb8 11. Ne3 Be7 12. Bxf6 Bxf6 13. Ncd5 Bg5 14. Bc4
O-O 15. c3 g6 16. g3 f5 17. f4 exf4 18. exf5 gxf5 19. gxf4 Bxf4 20. Qf3 Bxe3
21. Qxe3 Qh4+ 22. Qg3+ Qxg3+ 23. hxg3 Rbe8 24. O-O-O Kg7 25. Nb6 Ne5 26. Bd5
Rf6 27. Rh5 Rg6 28. Bxe6 Rexe6 29. Rxf5 Rxg3 30. Kc2 Rg2+ 31. Kb3 Rh6 32. Nc8
Rhh2 33. Rb1 b5 34. Nxd6 Nd3 35. c4 Rh3 36. cxb5 Nxb2+ 37. Kb4 Nd3+ 38. Kc4
axb5+ 39. Rbxb5 Rg4+ 40. Kd5 Nb4+ 41. Ke6 Rh6+ 42. Kd7 Rd4 43. Rg5+ Rg6 44.
Rxg6+ hxg6 45. a4 Nd5 46. a5 Nc3 47. Rb6 Ne4 48. Ke6 Nxd6 49. Rxd6 Ra4 50. Rd5
Kh6 51. Kf6 Rf4+ 1/2-1/2

[Event "ARA Cto de Aragon por Equipos Division "]
[Site "Aragon"]
[Date "2021.03.27"]
[Round "3.11"]
[White "Ereza Vizcarra, Fernando"]
[Black "Gella Lopez, Angel"]
[Result "1-0"]
[WhiteElo "2103"]
[BlackElo "2032"]
[PlyCount "77"]
[EventDate "2021.03.13"]
[WhiteTeam "Jaque Pirenauto"]
[BlackTeam "Atletismo Huesca"]

1. d4 Nf6 2. Nf3 e6 3. g3 d5 4. Bg2 Be7 5. O-O O-O 6. c4 dxc4 7. Qa4 a6 8. Nc3
b5 9. Qc2 Bb7 10. Bg5 h6 11. Bxf6 Bxf6 12. Rad1 Nd7 13. Ng5 Bxg5 14. Bxb7 Ra7
15. Bg2 Nb6 16. d5 e5 17. f4 exf4 18. gxf4 Be7 19. e4 Bc5+ 20. Kh1 Qh4 21. e5
b4 22. Ne2 c3 23. bxc3 Nc4 24. cxb4 Ne3 25. Qxc5 Nxf1 26. Rxf1 Rb7 27. Ng3 Rfb8
28. a3 Qd8 29. Qc3 a5 30. d6 axb4 31. axb4 c6 32. Nf5 Qd7 33. Ne7+ Kh8 34. Bxc6
Qg4 35. Bxb7 Rxb7 36. Qc8+ Qxc8 37. Nxc8 Rxb4 38. d7 Rd4 39. Nd6 1-0

[Event "ARA Cto de Aragon por Equipos Division "]
[Site "Aragon"]
[Date "2021.03.27"]
[Round "3.12"]
[White "Laplaza Ara, Carlos"]
[Black "Buisac Anadon, Pablo"]
[Result "1/2-1/2"]
[WhiteElo "1928"]
[BlackElo "2064"]
[PlyCount "75"]
[EventDate "2021.03.13"]
[WhiteTeam "Atletismo Huesca"]
[BlackTeam "Jaque Pirenauto"]

1. d4 Nf6 2. c4 e6 3. Nf3 d5 4. Nc3 c6 5. cxd5 exd5 6. Bg5 Bd6 7. e3 Bf5 8. Bd3
Bxd3 9. Qxd3 Nbd7 10. O-O O-O 11. e4 dxe4 12. Nxe4 Be7 13. Nc3 Re8 14. Rad1 Nb6
15. Rfe1 Nbd5 16. Re5 Qd7 17. Rde1 Bd6 18. Bxf6 Nxf6 19. Rxe8+ Rxe8 20. Rxe8+
Qxe8 21. Qe3 Qxe3 22. fxe3 Bb4 23. Nd1 Ne4 24. Nf2 Nxf2 25. Kxf2 f5 26. h3 Kf7
27. Ke2 h5 28. Kd3 Kf6 29. h4 Bd6 30. b3 Bg3 31. Kc4 Ke6 32. a4 Kd6 33. Kd3 Kd5
34. Kd2 Ke4 35. Ng5+ Kd5 36. Nf3 Ke4 37. Ng5+ Kd5 38. Nf3 1/2-1/2

[Event "ARA Cto de Aragon por Equipos Division "]
[Site "Aragon"]
[Date "2021.03.27"]
[Round "3.13"]
[White "Del Rey, Diego"]
[Black "Lana Rodriguez, David"]
[Result "1/2-1/2"]
[WhiteElo "2383"]
[BlackElo "2361"]
[PlyCount "24"]
[EventDate "2021.03.13"]
[WhiteTeam "El Olivar"]
[BlackTeam "Agrupacion"]

1. e4 d6 2. d4 Nf6 3. Bd3 e5 4. c3 Nc6 5. Ne2 d5 6. exd5 Qxd5 7. O-O exd4 8.
cxd4 Bd6 9. Nbc3 Qh5 10. Bf4 Bxf4 11. Nxf4 Qxd1 12. Raxd1 Nxd4 1/2-1/2

[Event "ARA Cto de Aragon por Equipos Division "]
[Site "Aragon"]
[Date "2021.03.27"]
[Round "3.14"]
[White "Moreno Martin-Viveros, Alvaro"]
[Black "Villuendas Valero, Adrian"]
[Result "1/2-1/2"]
[WhiteElo "2151"]
[BlackElo "2249"]
[PlyCount "34"]
[EventDate "2021.03.13"]
[WhiteTeam "Agrupacion"]
[BlackTeam "El Olivar"]

1. e4 e6 2. d4 d5 3. exd5 exd5 4. Bd3 Nc6 5. c3 Bd6 6. Qf3 Nge7 7. Ne2 Be6 8.
Bf4 Ng6 9. Bxd6 Qxd6 10. Nd2 Nce7 11. O-O h5 12. Qg3 O-O-O 13. Qxd6 Rxd6 14.
Nf3 f6 15. Rfe1 Bf5 16. Bxf5+ Nxf5 17. Ng3 Nxg3 1/2-1/2